| 000 | 00601nam a22001817a 4500 | ||
|---|---|---|---|
| 005 | 20251108174837.0 | ||
| 008 | 250721s1996 xx 000 0 ara d | ||
| 082 | 1 | 4 | _a218.51/شحا |
| 100 | 1 | _aالشحات، محمد سالم | |
| 245 | 1 | 0 | _aالوعظ والإرشاد في خطب الجمع والمواسم والأعياد / |
| 264 | 1 |
_aالقاهرة : _bدار المنار للطبع والتوزيع، _c1996. |
|
| 300 | _a231ص. | ||
| 650 | 1 | 7 | _aالاسلام |
| 650 | 1 | 7 | _aالوعظ و الارشاد |
| 650 | 1 | 7 | _aالخطب الدينية |
| 942 |
_2ddc _cBK |
||
| 999 |
_c119561 _d119561 |
||